000 00787nam a2200265Ia 4500
003 OSt
005 20220928124127.0
006 a|||||r|||| 00| 0
007 ta
008 220927b |||||||| |||| 00| 0 eng d
020 _cUSD 24.95
024 _a136543
037 _b804, 05/10/2017, Total Books India
_cTextual
040 _aSDCL
_cSDCL
_beng
041 _2eng
_aeng
082 _aB2891, Q4
100 _aSolow Daniel
_9463454
245 0 _aLinear programming
_b An introduction to finite improvement algorithms
250 _a2nd
260 _aNew York
_b Dover Publications
_c2014
300 _axv,414p.
_ccm.
650 _aMathematics
942 _hB2891, Q4
_cTEXL
_2CC
999 _c776359
_d776359